000 00668nam a2200253 a 4500
001 nice12345678
003 IN_TiNIC
005 20260116012241.0
008 050524s1993 nota grp 000 0 eng
020 _a0268872
_c100
082 0 0 _a291.24
_bBUR
100 _aBurrell, David B
245 _aFreedom and Creation in Three Traditions
260 _aNotre Dame in
_bUniversity of Notre Dame Press
_c1993
300 _a225p
500 _aincludes index and biblioraphy
505 2 _aIndex
650 _aComparative Religion-Creation
650 _aGod-Omnipotence
700 1 _aBurrell, David B
902 _bSRS
942 _cBK
999 _c6242
_d6242